Coplas a la muerte de su padre
Saved in:
| Main Authors: | , |
|---|---|
| Format: | Bog |
| Sprog: | spansk |
| Udgivet: |
Santiago
Universitaria
1979
|
| Fag: | |
| Tags: |
Tilføj Tag
Ingen Tags, Vær først til at tagge denne postø!
|
MARC
| LEADER | 00000nam a2200000 a 4500 | ||
|---|---|---|---|
| 001 | UCV7498 | ||
| 003 | CL-VaPUC | ||
| 008 | 871015e19790000CL |||||||||||||||||spa|d | ||
| 082 | 0 | 4 | |a 861 |b MAN |2 21 |
| 100 | |a Manrique, Jorge |e autor |9 321329 | ||
| 700 | |a Holbein, Hans |e author |9 327826 | ||
| 245 | 1 | 0 | |a Coplas a la muerte de su padre |
| 300 | |a 80 p | ||
| 942 | |c BK | ||
| 945 | |d 19871015 00:00:00 | ||
| 260 | |a Santiago |b Universitaria |c 1979 | ||
| 650 | 0 | |a Poesía española |9 264938 | |
| 583 | |a last modification |c 19871015 00:00:00 |k Rodrigo Vera | ||
| 999 | |c 213161 |d 213159 | ||
| 952 | |0 0 |1 0 |4 0 |6 861_000000000000000_MAN_1979 |7 0 |8 P |9 195242 |a BIBARQ |b BIBARQ |d 2019-11-14 |i 2633280 |o 861 MAN 1979 |p 2633280 |r 2025-01-20 |w 2019-11-14 |y BK |k ARQ | ||